MARC

LEADER 00000nam0a2200000 4500
001 682756
005 20251105134510.0
090 |a 682756 
100 |a 20251101d1968 m||y0rusy50 ca 
101 0 |a rus 
102 |a RU 
105 |a y z 000ay 
181 0 |a i   |b  e  
182 0 |a n 
183 0 |a nc  |2 RDAcarrier 
200 1 |a Обыкновенная история  |e роман  |f И. А. Гончаров 
203 |a Текст  |b визуальный  |c непосредственный 
210 |a Москва  |c Художественная литература  |d 1968 
215 |a 312 с. 
283 |a volume  |2 RDAcarrier 
606 |a Русская литература, дореволюционная  |9 50314 
610 1 |a художественная литература 
610 1 |a проза 
610 1 |a романы 
675 |a Р1  |v 4 
700 1 |a Гончаров  |b И. А.  |c русский писатель  |f 1812-1891  |g Иван Александрович  |9 69 
801 0 |a RU  |b 63413507  |c 20251101 
830 |a ретро2025ХФ 
850 |a 63413507 
942 |c BK